000 00559nam a2200229Ia 4500
003 OSt
005 20220918173834.0
006 a|||||r|||| 00| 0
007 ta
008 220917b |||||||| |||| 00| 0 eng d
024 _a8,628
037 _cTextual
040 _aARTS
_cARTS
_beng
041 _2eng
_aeng
082 _a9, K51.2
110 _aCalcutta journal
_947806
245 0 _aSelections from the Indian journals
260 _c1962
700 _aCalcutta journal
_947807
942 _h9, K51.2
_cTEXL
_2CC
999 _c150386
_d150386